01102nam a2200265Ia 4500008004100000020001800041040001800059041000800077245012800085260005200213300003300265504003000298600008200328650002600410650006200436650003100498650006700529650007100596700003000667700002900697700002600726700002900752700003000781710002500811130821s2009 ck a gr spa  a9789589902103 aCo-BoUCMbspa00aspa00aCuaderno de bitácora la segunda travesía un recorrido por el realismo mágicoccordinación Adela Morales...[et al.] aBogotá (Colombia)bFundación Carolinac2009 a192 páginasbilustraciones aIncluye índice general.24aGarcía Márquez, Gabrield1928-d1928-xCrítica e interpretación, etc.04aLiteratura colombiana04aLiteratura colombianaxCrítica e interpretación, etc.04aLiteratura latinoamericana04aLiteratura latinoamericanaxCrítica e interpretación, etc.04aRealismo mágico (Literatura)xCrítica e interpretación, etc.1 aMalagón, Victorecoord.1 aMorales, Césarecoord.1 aMorales,Adelaecoord.1 aOlarte, Carolinaecoord.1 aValdivieso, Lauraecoord.2 aFundación Carolina